000
00313nam a22001457a 4500
003
SGT
020
_a
9788119725588
082
_a
345
_b
GAU
100
_a
GAUR K D
245
_a
CRIMINAL MANUAL
_b
NEW CRIMINAL MAJOR LAWS
250
_a
1
260
_a
DELHI
_b
WHITESMANN
_c
2023
300
_a
D-151
942
_2
ddc
_c
BK
999
_c
34084
_d
34084